|
|
|
|
| LEADER |
02213cas a2200277 a 4500 |
| 001 |
AALejournalIMF018997 |
| 008 |
230101c9999 xx r poo 0 0eng d |
| 020 |
|
|
|c 5.00 USD
|
| 020 |
|
|
|z 9781484393178
|
| 022 |
|
|
|a 1018-5941
|
| 040 |
|
|
|a BD-DhAAL
|c BD-DhAAL
|
| 100 |
1 |
|
|a Coady, David.
|
| 245 |
1 |
0 |
|a Global Fossil Fuel Subsidies Remain Large :
|b An Update Based on Country-Level Estimates /
|c David Coady, Ian Parry, Nghia-Piotr Le, Baoping Shang.
|
| 264 |
|
1 |
|a Washington, D.C. :
|b International Monetary Fund,
|c 2019.
|
| 300 |
|
|
|a 1 online resource (39 pages)
|
| 490 |
1 |
|
|a IMF Working Papers
|
| 500 |
|
|
|a <strong>Off-Campus Access:</strong> No User ID or Password Required
|
| 500 |
|
|
|a <strong>On-Campus Access:</strong> No User ID or Password Required
|
| 506 |
|
|
|a Electronic access restricted to authorized BRAC University faculty, staff and students
|
| 520 |
3 |
|
|a This paper updates estimates of fossil fuel subsidies, defined as fuel consumption times the gap between existing and efficient prices (i.e., prices warranted by supply costs, environmental costs, and revenue considerations), for 191 countries. Globally, subsidies remained large at USD 4.7 trillion (6.3 percent of global GDP) in 2015 and are projected at USD 5.2 trillion (6.5 percent of GDP) in 2017. The largest subsidizers in 2015 were China (USD 1.4 trillion), United States (USD 649 billion), Russia (USD 551 billion), European Union (USD 289 billion), and India (USD 209 billion). About three quarters of global subsidies are due to domestic factors-energy pricing reform thus remains largely in countries' own national interest-while coal and petroleum together account for 85 percent of global subsidies. Efficient fossil fuel pricing in 2015 would have lowered global carbon emissions by 28 percent and fossil fuel air pollution deaths by 46 percent, and increased government revenue by 3.8 percent of GDP.
|
| 538 |
|
|
|a Mode of access: Internet
|
| 700 |
1 |
|
|a Le, Nghia-Piotr.
|
| 700 |
1 |
|
|a Parry, Ian.
|
| 700 |
1 |
|
|a Shang, Baoping.
|
| 830 |
|
0 |
|a IMF Working Papers; Working Paper ;
|v No. 2019/089
|
| 856 |
4 |
0 |
|z Full text available on IMF
|u http://elibrary.imf.org/view/journals/001/2019/089/001.2019.issue-089-en.xml
|z IMF e-Library
|